Geologic map of the Adams Head-Johns Valley area, southern Sevier Plateau, Garfield County, Utah /

Bibliographic Details
Corporate Author: Geological Survey (U.S.)
Other Authors: Rowley, Peter D., Hereford, Richard, Williams, Van S.
Format: Government Document Map
Language:English
Published: Reston, Va. : The Survey ; 1987.
Series:Miscellaneous investigations series (Geological Survey (U.S.)) ; map I-1798.
Subjects:

MARC

Tag First Indicator Second Indicator Subfields
LEADER 00000cem a2200000 a 4500
001 in00000876513
005 20151019111329.0
007 aj canzn
008 880320s1987 vauag a f 1 eng d
010 |a gp 88017029  
034 1 |a a  |b 50000  |d W1121500  |e W1120000  |f N0380000  |g N0374500 
035 |a (OCoLC)17666841 
035 |9 AEH6028AM 
040 |a GIS  |c GIS  |d SPI  |d GPO  |d UtOrBLW 
050 0 |a 88017029 
052 |a 4343  |b G3 
074 |a 619-G-8 
086 0 |a I 19.91:I-1798 
090 |a G3700 svar  |b .G438 I-1798 
110 2 |a Geological Survey (U.S.) 
245 1 0 |a Geologic map of the Adams Head-Johns Valley area, southern Sevier Plateau, Garfield County, Utah /  |c Department of the Interior, U.S. Geological Survey ; by Peter D. Rowley, Richard Hereford, and Van S. Williams. 
255 |a Scale 1:50,000  |c (W 11215ʹ--W 11200ʹ/N 3800ʹ--N 3745ʹ). 
264 1 |a Reston, Va. :  |b The Survey ;  |c 1987. 
264 2 |a Denver, CO :  |b For sale by Map Distribution, 
300 |a 1 map :  |b color ;  |c 55 x 44 cm., on sheet 76 x 94 cm., folded in envelope 30 x 24 cm. 
336 |a cartographic image  |b cri  |2 rdacontent 
337 |a unmediated  |b n  |2 rdamedia 
338 |a sheet  |b nb  |2 rdacarrier 
490 1 |a Miscellaneous investigations series ;  |v map I-1798 
500 |a Relief shown by contours and spot heights. 
500 |a "Geology mapped in 1964-66, 1983." 
500 |a Includes location map, bibliography, and col. cross section. 
500 |a Cartographic material. 
650 0 |a Geology  |z Utah  |z Garfield County  |x Maps. 
700 1 |a Rowley, Peter D. 
700 1 |a Hereford, Richard. 
700 1 |a Williams, Van S. 
740 0 |a Adams Head-Johns Valley area, southern Sevier Plateau, Garfield County, Utah, geologic map. 
830 0 |a Miscellaneous investigations series (Geological Survey (U.S.)) ;  |v map I-1798. 
999 |a MARS 
999 f f |s bf945045-2d95-3026-b032-df383be5a7b1  |i ecd6bb81-db7d-3e4b-91cd-f848f89e8222  |t 0 
952 f f |p normal  |a Texas A&M University  |b College Station  |c Sterling C. Evans Library  |d Evans: Maps File (2nd floor)  |t 0  |e I 19.91:I-1798  |h Superintendent of Documents classification  |i unmediated -- sheet  |m A14838715652 
998 f f |a I 19.91:I-1798  |t 0  |l Evans: Maps File (2nd floor)